خلاف الأئمة الأربعة في مسائل الميراث : مقارنا بقنون الأحوال الشخصية /
Saved in:
| Main Author: | |
|---|---|
| Other Authors: | |
| Format: | Thesis |
| Language: | Arabic |
| Published: |
Filistin :
Jami'at al-Khalil,
2007
|
| Subjects: | |
| Tags: |
Add Tag
No Tags, Be the first to tag this record!
|
| LEADER | 012760000a22002410004500 | ||
|---|---|---|---|
| 008 | 140820s2007 gz g 000 0 ara d | ||
| 040 | |a UIAM |b eng | ||
| 041 | |a ara | ||
| 050 | 4 | |a BP158.5.L1 | |
| 100 | 1 | |a أحمد، محمود عيسى يونس | |
| 242 | 1 | 0 | |a Khilaf al-a'immah al-arba'ah fi masa'il al-mirath : |b muqaranan bi qanun al-ahwal al-shakhsiyah |
| 245 | 1 | 0 | |a خلاف الأئمة الأربعة في مسائل الميراث : |b مقارنا بقنون الأحوال الشخصية / |c محمود عيسى يونس احمد |
| 260 | |a Filistin : |b Jami'at al-Khalil, |c 2007 | ||
| 300 | |a 368 leaves ; |c 30 cm. | ||
| 500 | |a "قدمت هذه الرسالة إستكمالا لمتطلبات درجة الماجستير في القضاء الشرعي من كلية الدراسات العليا بجامعة الخليل - فلسطين" --On t.p. | ||
| 502 | |a Thesis (M.A.)--Jami'at al-Khalil, 2007. | ||
| 504 | |a Includes bibliographical references. | ||
| 596 | |a 4 | ||
| 655 | |a Theses, Facsimile edition (Islamic) | ||
| 700 | 1 | |a Ahmad, Mahmud 'Isa Yunus | |
| 900 | |a arf-lfr | ||
| 999 | |c 438061 |d 467578 | ||
| 952 | |0 0 |6 TI BP 000158.5 L1 A2862K 2007 |7 0 |8 THESES |9 759177 |a IIiBFL |b IIiBFL |c CLOSEACCES |g 0.00 |o ti BP 158.5 L1 A2862K 2007 |p 00011285493 |r 2017-11-07 |t 1 |v 0.00 |y THESIS | ||
